000 00496nam a2200181Ia 4500
001 7871
005 20260306160527.0
008 260306t2009||||xx |||||||||||||| ||spa||
041 _aESP
082 _a363.377
_bM61
100 _aMinisterio de Industria Turismo y Comercio
_eAUT
245 0 _aReglamento de seguridad contra incendios en los establecimientos industriales
260 _c2009
300 _a160 páginas :
_c21 cm.
650 _aGEN
654 _aCIA
942 _cLIB
_dJUS
_fJUS
_2ddc
_n
999 _c7871
_d7871